000 00532nam a2200193Ia 4500
005 20250326124811.0
008 250326s9999 xx 000 0 und d
037 _aTextbook
040 _aFMSL
_beng
_cFMSL
041 _aeng
_2eng
084 _aX:89U L0
_qFMSL
100 _aEngland W B
_9738004
245 0 _aModern procurement management: principles and cases
_cEngland W B
250 _a5
260 _aUSA
_bUSA, Richard D Irwin
_c1970
300 _a902p
942 _cTB
_hX:89U L0
999 _c1275269
_d1275269